La science contemporaine (notice nᵒ 33713)
[ vue normale ]
| 000 -LEADER | |
|---|---|
| fixed length control field | 00543nam a22001697a 4500 |
| 005 - DATE AND TIME OF LATEST TRANSACTION | |
| control field | 20211004151618.0 |
| 037 ## - SOURCE D'ACQUISITION | |
| Cote | BC_329 62/C |
| 040 ## - SOURCE DU CATALOGAGE | |
| Origine cataloguage | BC-ENSA |
| Langue du catalogage | fre |
| 041 ## - CODE DE LANGUE | |
| Langue | Français |
| 100 ## - VEDETTE PRINCIPALE - AUTEUR PRINCIPAL | |
| Auteur | VERNET-LOZET, Maurice |
| 245 ## - MENTION DU TITRE | |
| Titre | La science contemporaine |
| Volume | vol. 2 |
| Titre partie | les sciences physiques et leurs applications |
| 260 ## - PUBLICATION, DIFFUSION, ETC. (ADRESSE BIBLIOGRAPHIQUE) | |
| Lieu d'édition | Paris |
| Nom de l'éditeur | Larousse |
| Année d'édition | 1965 |
| 300 ## - DESCRIPTION MATÉRIELLE | |
| Nombre de pages | 360 p. |
| Illustration | ill. en coul |
| Format | 30 cm |
| 562 ## - NOTE D'IDENTIFICATION DES EXEMPLAIRES ET VERSIONS | |
| Numbre d' exemplaire | 01 exemplaire(s) |
| 942 ## - ADDED ENTRY ELEMENTS (KOHA) | |
| Type document | Ouvrage |
| 653 ## - DESCRIPTEUR LIBRE | |
| Mots clés libres | TECHNOLOGIE/PHYSIQUE/APPLICATION |
| statut de retrait | Statut | emplacement permanent | Localisation actuelle | emplacement rayonnages | Cote | code à barre | Koha type d'élément |
|---|---|---|---|---|---|---|---|
| Bibliothèque Centrale | Bibliothèque Centrale | Magasin sous sol | BC_329 62/C | BC_329 62/C | Ouvrage |